Visualizzazione normale
Vista MARC
- Ferri Gabriella
di Personal Name
Records bibliografici associati: 1
001 - CONTROL NUMBER
- control field: 13369
003 - CONTROL NUMBER IDENTIFIER
- control field: IT-RoPau
005 - DATE AND TIME OF LATEST TRANSACTION
- control field: 20140213105248.0
008 - FIXED-LENGTH DATA ELEMENTS
- fixed length control field: 140213|| aca||aabn | a|a d
040 ## - CATALOGING SOURCE
- Original cataloging agency: IT-RoPau
- Transcribing agency: IT-RoPau
100 ## - HEADING--PERSONAL NAME
- Personal name: Ferri Gabriella
- Relator term: Interprete
- Miscellaneous information: Codice interprete SPICS: 11544
670 ## - SOURCE DATA FOUND
- Source citation: Work cat.: (IT-RoPau)99025: AA.VV. 794, Roma canta